|
|
|
|
| LEADER |
00000nab a2200000 a 4500 |
| 001 |
vtls010682123 |
| 003 |
SK-MaSNL |
| 005 |
20260305031843.0 |
| 008 |
180405 2015 xo q 000 0 slo |
| 038 |
|
|
|a PPPK
|
| 040 |
|
|
|a PPPKCL
|b slo
|c PPPK
|e AACR2
|
| 041 |
0 |
|
|a slo
|
| 044 |
|
|
|a xo
|c SK
|
| 080 |
|
|
|a 94(100)"1939/1945"
|2 2001
|
| 080 |
|
|
|a 355.48(100)"1939/1945"
|2 2001
|
| 080 |
|
|
|a 93/94-027.541
|x (437.671)
|2 2001
|
| 100 |
1 |
|
|a Maniak, Marcel,
|d 1975-
|4 aut
|9 56505
|
| 245 |
1 |
0 |
|a Pripomenieme si 70. výročie oslobodenia
|c Marcel Maniak, vojnový historik, predseda komisie pri OV SZPB v Poprade
|
| 648 |
|
7 |
|a 1945
|2 pppkcl
|9 287702
|
| 650 |
0 |
7 |
|a druhá svetová vojna (1939-1945)
|2 pppkcl
|9 169657
|
| 650 |
0 |
7 |
|a oslobodenie, 1945
|2 pppkcl
|9 1086304
|
| 650 |
0 |
7 |
|a regionálne dejiny
|2 pppkcl
|9 63645
|
| 651 |
|
7 |
|a Kežmarok (Slovensko : okres)
|2 pppkcl
|9 51824
|
| 773 |
0 |
|
|t Spišskobeliansky spravodaj
|g Roč. 13, č. 3 (2015), s. 10-11
|
| 852 |
|
|
|a PPPK
|b KIS3GCP
|
| 999 |
|
|
|c 3317738
|d 3319668
|